Statystyki dla Odgadnij rasy drobiu

Kliknij tutaj aby rozwiązać quiz!

Ogólne statystyki

  • Ten quiz został rozwiązany 5 razy
  • Średni wynik to 2 z 8

Statystyki odpowiedzi

Odpowiedź% Poprawnych
leghorn
67%
sussex
67%
brahma
33%
plymouth rock
33%
Araucana
0%
Houdan
0%
legbar cream
0%
Rhode Island Red
0%

Rozkład punktacji

Percentyl według liczby udzielonych odpowiedzi

Procent ludzi z każdym wynikiem

Twoja historia wyników

Nie rozwiązałeś tego quizu